| 000 | 02989nam a2200241Ia 4500 | ||
|---|---|---|---|
| 003 | Ost | ||
| 005 | 20260507075102.0 | ||
| 008 | 260507s9999||||xx |||||||||||||| ||und|| | ||
| 040 | _cfsecg | ||
| 041 | _aara | ||
| 082 | _a657.42 | ||
| 100 |
_aعطيه، هاشم احمد _eمؤلف |
||
| 245 | 0 |
_aدراسات في المحاسبة المالية محاسبة التكاليف المحاسبة الادارية / _c هاشم احمد عطيه |
|
| 260 |
_aالاسكندرية: _bالدار الجامعيه, _c2000 |
||
| 300 |
_a377 صفحة؛ _c24 سم |
||
| 504 | _aبيبليوغرافيا : ص. 374-377 | ||
| 520 | _aيتناول هذا الكتاب المكونات الأساسية للقوائم المالية ? خصائص كل من حسابات الميزانية وحسابات النتيجة ? قائمة التدفقات النقدية وقد قسم الى : القسم الأول : المحاسبة المالية : الفصل الأول : المكونات الأساسية للقوائم المالية : تبويب الحسابات : خصائص كل من حسابات الميزانية وحسابات النتيجة : العلاقة بين حسابات الميزانية وحسابات النتيجة : تبويب حسابات الميزانية : تبويب حسابات النتيجة : النفقات الايرادية والنفقات الرأسمالية : الفصل الثاني : القوائم المالية : أولا : قائمة المركز المالي : ثانيا : قائمة الدخل : الفصل الثالث : مشكلات في المحاسبة المالية : المحاسبة عن عمليات بضاعة الأمانة –القسم الثاني : المحاسبة الإدارية ومحاسبة التكاليف : الفصل الأول : المحاسبة الإدارية ودورها في التخطيط : تعريف المحاسبة الإدارية : الفصل الثاني : نظريات التكاليف وحجم النشاط والأرباح : نظريات التكاليف : نظرية التكاليف الاجمالية : الفصل الثالث : بعض المشكلات التكاليفية : مشكلات متعلقة بعنصر تكلفة العمالة : مشكلة تقييم المخزون : مشكلة تخصيص التكاليف غير المباشرة : الفصل الرابع : التكاليف المعيارية وانحرافات التكاليف : التكاليف المعيارية والموازنات التقديرية : أنواع المعايير : حدود استخدام التكاليف المعيارية : معايير التكاليف : معايير تكلفة المواد البشرية : معايير تكلفة الاجور المباشرة. | ||
| 653 | _aالمحاسبة الادارية | ||
| 653 | _aالمحاسبة التحليلية | ||
| 653 | _aمحاسبة التكاليف | ||
| 700 |
_aعبدربه، محمد محمود محمد _eمؤلف ثانوي |
||
| 942 | _cكتاب | ||
| 999 |
_c42807 _d42807 |
||